World politics since 1945 : (Record no. 160483)
[ view plain ]
| 000 -LEADER | |
|---|---|
| fixed length control field | 00609nam a22001937a 4500 |
| 005 - DATE AND TIME OF LATEST TRANSACTION | |
| control field | 20190131114931.0 |
| 010 ## - LCCN (DPL NO) | |
| LC control number | ENG-124676 |
| 020 ## - INTERNATIONAL STANDARD BOOK NUMBER | |
| Terms of availability | 250.00 |
| International Standard Book Number | 9788180642692 |
| 035 ## - SYSTEM CONTROL NUMBER | |
| System control number | EN-108208 |
| 037 ## - SOURCE OF ACQUISITION | |
| Source of stock number/acquisition | DBAD/PUB |
| 082 ## - DEWEY DECIMAL CLASSIFICATION NUMBER | |
| Classification number | 320.9045 |
| 100 ## - MAIN ENTRY--PERSONAL NAME | |
| Personal name | Ray, Siddhartha Guha |
| 245 ## - TITLE STATEMENT | |
| Title | World politics since 1945 : |
| Statement of responsibility, etc | by Siddhartha Guha Ray |
| Remainder of title | a concise history / |
| 260 ## - PUBLICATION, DISTRIBUTION, ETC. (IMPRINT) | |
| Place of publication, distribution, etc | Kolkata |
| Name of publisher, distributor, etc | Progressive Publishers |
| Date of publication, distribution, etc | 2018 |
| 270 ## - ADDRESS | |
| Address | 37 A,College Street, |
| City | Kolkata |
| Postal code | 700073 |
| 300 ## - PHYSICAL DESCRIPTION | |
| Extent | 371p. |
| Dimensions | 22cm (pbk) |
| 500 ## - GENERAL NOTE | |
| General note | It includes bibliographical references and index |
| 942 ## - ADDED ENTRY ELEMENTS (KOHA) | |
| Source of classification or shelving scheme | Dewey Decimal Classification |
| Item type | English Books |
| Call number suffix | RAY |
| Classification part | 320-9045 |
| Withdrawn status | Lost status | Not for loan | Collection code | Home library | Current library | Date acquired | Source of acquisition | Cost, normal purchase price | Full call number | Barcode | Copy number | Cost, replacement price | Koha item type |
|---|---|---|---|---|---|---|---|---|---|---|---|---|---|
| Non-fiction | Patel Nagar | Patel Nagar | 30/01/2019 | DBAD/PUB | 250.00 | 320-9045 RAY | EN-108208 | 1 | 250.00 | English Books |
